书目信息 |
| 题名: |
许默洛花园
|
|
| 作者: | 奥多夫 , 金斯伯里 著 ;王晨 译 | |
| 分册: | ||
| 出版信息: | 北京 北京联合出版公司 2025.03 |
|
| 页数: | 419页, [2] 页图版 | |
| 开本: | 24cm | |
| 丛书名: | ||
| 单 册: | ||
| 中图分类: | TU986.2 | |
| 科图分类: | ||
| 主题词: | 花园--hua yuan--园林设计--普及读物 | |
| 电子资源: | ||
| ISBN: | 978-7-5596-7887-4 | |
| 000 | 01397nam0 2200301 450 | |
| 001 | 94477 | |
| 005 | 20250820153419.88 | |
| 010 | @a978-7-5596-7887-4@b精装@dCNY188.00 | |
| 100 | @a20250328d2025 em y0chiy50 ea | |
| 101 | 1 | @achi@cdut@ceng |
| 102 | @aCN@b110000 | |
| 105 | @aaf z 001yy | |
| 106 | @ar | |
| 200 | 1 | @a许默洛花园@Axu mo luo hua yuan@e自然主义种植大师奥多夫的荒野美学@f(荷) 皮特·奥多夫, 诺埃尔·金斯伯里著@d= Hummelo@ea journey through a plantsman's life@fPiet Oudolf, Noel Kingsbury@g王晨译@zeng |
| 210 | @a北京@c北京联合出版公司@d2025.03 | |
| 215 | @a419页, [2] 页图版@c图 (部分彩图)@d24cm | |
| 300 | @a低音 | |
| 320 | @a有索引 | |
| 330 | @a本书将奥多夫在许默洛花园的日常生活置于世界景观设计潮流的发展背景中, 展示了他在设计许默洛花园、纽约高线公园、芝加哥卢里花园等代表作品时的工作经历、设计思路, 以及他那极具个性设计风格的演变历程, 真实反映了奥多夫独特的自然主义美学和杰出的景观设计生涯。 | |
| 510 | 1 | @aHummelo@ea journey through a plantsman's life@zeng |
| 517 | 1 | @a自然主义种植大师奥多夫的荒野美学@Azi ran zhu yi zhong zhi da shi ao duo fu de huang ye mei xue |
| 606 | 0 | @a花园@Ahua yuan@x园林设计@j普及读物 |
| 690 | @aTU986.2@v5 | |
| 701 | 1 | @a奥多夫@Aao duo fu@g(Oudolf, Piet)@4著 |
| 701 | 1 | @a金斯伯里@Ajin si bo li@g(Kingsbury, Noel)@4著 |
| 702 | 0 | @a王晨@Awang chen@4译 |
| 801 | 0 | @aCN@c20250909 |
| 905 | @a河南城建学院图书馆@dTU986.2@eA759@f3 | |
| 许默洛花园:自然主义种植大师奥多夫的荒野美学/(荷) 皮特·奥多夫, 诺埃尔·金斯伯里著= Hummelo:a journey through a plantsman's life/Piet Oudolf, Noel Kingsbury/王晨译.-北京:北京联合出版公司,2025.03 |
| 419页, [2] 页图版:图 (部分彩图);24cm |
| 低音 |
| ISBN 978-7-5596-7887-4(精装):CNY188.00 |
| 本书将奥多夫在许默洛花园的日常生活置于世界景观设计潮流的发展背景中, 展示了他在设计许默洛花园、纽约高线公园、芝加哥卢里花园等代表作品时的工作经历、设计思路, 以及他那极具个性设计风格的演变历程, 真实反映了奥多夫独特的自然主义美学和杰出的景观设计生涯。 |
| ● |
| 相关链接 |
|
|
|
正题名:许默洛花园
索取号:TU986.2/A759
 
预约/预借
| 序号 | 登录号 | 条形码 | 馆藏地/架位号 | 状态 | 备注 |
| 1 | 1628607 | 216286070 | 建筑库201/201建筑库 67排3列3层/ [索取号:TU986.2/A759] | 在馆 | |
| 2 | 1628608 | 216286089 | 建筑库201/201建筑库 67排3列3层/ [索取号:TU986.2/A759] | 在馆 | |
| 3 | 1628609 | 216286098 | 建筑库201/201建筑库 67排3列3层/ [索取号:TU986.2/A759] | 在馆 |